|
|
|
|
| LEADER |
10806nam a2200877 a 4500 |
| 001 |
32546 |
| 003 |
BD-DhAAL |
| 005 |
20260302102005.0 |
| 008 |
171214r20182014ii a b 001 0 eng d |
| 020 |
|
|
|a 9788126552566
|
| 020 |
|
|
|a 9781118230749
|
| 040 |
|
|
|a BD-DhAAL
|d BD-DhAAL
|
| 082 |
0 |
0 |
|a 530
|2 22
|
| 100 |
1 |
|
|a Walker, Jearl.
|9 24265
|
| 245 |
0 |
0 |
|a Halliday & Resnick principles of physics /
|c Jearl Walker, David Halliday and Robert Resnick.
|
| 246 |
3 |
|
|a Principles of physics
|
| 250 |
|
|
|a Tenth edition.
|
| 260 |
|
|
|a New Delhi ;
|a Singapore :
|b John Wiley & Sons,
|c c2014 [reprinted 2015, 2018].
|
| 300 |
|
|
|a xxii, 1244 pages :
|b illustrations ;
|c 28 cm.
|
| 500 |
|
|
|a Includes index.
|
| 500 |
|
|
|a International student version
|
| 504 |
|
|
|a Includes bibliographical references and index.
|
| 526 |
|
|
|a AAL
|
| 541 |
|
|
|a STS International, Complimentary copy from Trim Education
|e 32546, 37581, 37582, 37583
|
| 650 |
|
0 |
|a Physics.
|9 24266
|
| 650 |
|
0 |
|a Physics
|x Problems,exercises, etc.
|9 24267
|
| 700 |
1 |
|
|a Halliday, David.
|9 24268
|
| 700 |
1 |
|
|a Resnick, Robert.
|9 24269
|
| 852 |
4 |
|
|a Ayesha Abed Library
|j General stacks
|
| 942 |
0 |
0 |
|0 9
|2 ddc
|c BK
|
| 999 |
|
|
|c 38830
|d 38830
|
| 952 |
|
|
|0 0
|1 0
|2 ddc
|4 0
|6 530_000000000000000_WAL
|7 0
|9 62301
|a BRACUL
|b BRACUL
|c GEN
|d 2017-12-14
|e STS International
|g 1550.00
|l 33
|m 174
|o 530 WAL
|p 3010032548
|q 2026-06-02
|r 2026-05-05
|s 2026-05-05
|t 4
|v 1550.00
|w 2017-12-14
|y BK
|
| 952 |
|
|
|0 0
|1 0
|2 ddc
|4 0
|6 530_000000000000000_WAL
|7 0
|9 62302
|a BRACUL
|b BRACUL
|c CIR
|d 2017-12-14
|e STS International
|g 1550.00
|l 44
|m 146
|o 530 WAL
|p 3010032546
|r 2025-11-24
|s 2025-11-24
|t 2
|v 1550.00
|w 2017-12-14
|y 1HOUR
|
| 952 |
|
|
|0 0
|1 0
|2 ddc
|4 0
|6 530_000000000000000_WAL
|7 0
|9 62303
|a BRACUL
|b BRACUL
|c GEN
|d 2017-12-14
|e STS International
|g 1550.00
|l 30
|m 165
|o 530 WAL
|p 3010032545
|r 2026-05-20
|s 2025-11-05
|t 1
|v 1550.00
|w 2017-12-14
|y BK
|
| 952 |
|
|
|0 0
|1 0
|2 ddc
|4 0
|6 530_000000000000000_WAL
|7 0
|9 62304
|a BRACUL
|b BRACUL
|c GEN
|d 2017-12-14
|e STS International
|g 1550.00
|l 17
|m 159
|o 530 WAL
|p 3010032547
|r 2026-04-12
|s 2026-04-02
|t 3
|v 1550.00
|w 2017-12-14
|y BK
|
| 952 |
|
|
|0 0
|1 0
|2 ddc
|4 0
|6 530_000000000000000_WAL
|7 0
|9 64708
|a BRACUL
|b BRACUL
|c GEN
|d 2018-11-20
|e Trim Education
|g 1325.00
|l 18
|m 100
|o 530 WAL
|p 3010034036
|r 2026-03-02
|s 2026-02-26
|t 5
|v 1325.00
|w 2018-11-20
|y BK
|
| 952 |
|
|
|0 0
|1 0
|2 ddc
|4 0
|6 530_000000000000000_WAL
|7 0
|9 64709
|a BRACUL
|b BRACUL
|c GEN
|d 2018-11-20
|e Trim Education
|g 1325.00
|l 3
|m 51
|o 530 WAL
|p 3010034037
|q 2024-03-28
|r 2022-10-02
|s 2022-10-02
|t 6
|v 1325.00
|w 2018-11-20
|y BK
|
| 952 |
|
|
|0 0
|1 0
|2 ddc
|4 0
|6 530_000000000000000_WAL
|7 0
|9 64710
|a BRACUL
|b BRACUL
|c GEN
|d 2018-11-20
|e Trim Education
|g 1325.00
|l 20
|m 167
|o 530 WAL
|p 3010034038
|q 2026-06-02
|r 2025-10-28
|s 2025-10-28
|t 7
|v 1325.00
|w 2018-11-20
|y BK
|
| 952 |
|
|
|0 0
|1 0
|2 ddc
|4 0
|6 530_000000000000000_WAL
|7 0
|9 65057
|a BRACUL
|b BRACUL
|c GEN
|d 2019-02-18
|e Karim International
|g 6480.00
|l 28
|m 195
|o 530 WAL
|p 3010034295
|r 2026-05-17
|s 2026-05-10
|t 8
|v 6480.00
|w 2019-02-18
|y BK
|
| 952 |
|
|
|0 0
|1 0
|2 ddc
|4 0
|6 530_000000000000000_WAL
|7 0
|9 65058
|a BRACUL
|b BRACUL
|c GEN
|d 2019-02-18
|e Karim International
|g 6480.00
|l 31
|m 164
|o 530 WAL
|p 3010034296
|q 2026-03-04
|r 2025-11-02
|s 2025-11-02
|t 9
|v 6480.00
|w 2019-02-18
|y BK
|
| 952 |
|
|
|0 0
|1 0
|2 ddc
|4 0
|6 530_000000000000000_WAL
|7 0
|9 65059
|a BRACUL
|b BRACUL
|c GEN
|d 2019-02-18
|e Karim Internatioal
|g 6480.00
|l 21
|m 237
|o 530 WAL
|p 3010034297
|q 2026-06-02
|r 2026-02-02
|s 2026-02-02
|t 10
|v 6480.00
|w 2019-02-18
|y BK
|
| 952 |
|
|
|0 0
|1 0
|2 ddc
|4 0
|6 530_000000000000000_WAL
|7 0
|9 65060
|a BRACUL
|b BRACUL
|c GEN
|d 2019-02-18
|e Karim International
|g 6480.00
|l 5
|m 36
|o 530 WAL
|p 3010034298
|q 2026-08-23
|r 2025-12-24
|s 2025-12-24
|t 11
|v 6480.00
|w 2019-02-18
|y BK
|
| 952 |
|
|
|0 0
|1 0
|2 ddc
|4 0
|6 530_000000000000000_WAL
|7 0
|9 65061
|a BRACUL
|b BRACUL
|c GEN
|d 2019-02-18
|e Karim International
|g 6480.00
|l 4
|m 48
|o 530 WAL
|p 3010034300
|q 2023-05-02
|r 2019-12-26
|s 2019-12-26
|t 13
|v 6480.00
|w 2019-02-18
|y BK
|
| 952 |
|
|
|0 0
|1 0
|2 ddc
|4 0
|6 530_000000000000000_WAL
|7 0
|9 65062
|a BRACUL
|b BRACUL
|c GEN
|d 2019-02-18
|e Karim International
|g 6480.00
|l 25
|m 208
|o 530 WAL
|p 3010034301
|r 2026-05-19
|s 2026-02-25
|t 14
|v 6480.00
|w 2019-02-18
|y BK
|
| 952 |
|
|
|0 0
|1 0
|2 ddc
|4 0
|6 530_000000000000000_WAL
|7 0
|9 65063
|a BRACUL
|b BRACUL
|c GEN
|d 2019-02-18
|e Karim International
|g 6480.00
|l 28
|m 211
|o 530 WAL
|p 3010034302
|q 2026-06-02
|r 2026-05-20
|s 2026-05-20
|t 15
|v 6480.00
|w 2019-02-18
|y BK
|
| 952 |
|
|
|0 0
|1 0
|2 ddc
|4 0
|6 530_000000000000000_WAL
|7 0
|9 65064
|a BRACUL
|b BRACUL
|c GEN
|d 2019-02-18
|e Karim International
|g 6480.00
|l 25
|m 145
|o 530 WAL
|p 3010034290
|r 2026-05-17
|s 2026-04-20
|t 16
|v 6480.00
|w 2019-02-18
|y BK
|x Koha Inventory 2020
|
| 952 |
|
|
|0 0
|1 0
|2 ddc
|4 0
|6 530_000000000000000_WAL
|7 0
|9 65065
|a BRACUL
|b BRACUL
|c GEN
|d 2019-02-18
|e Karim International
|g 6480.00
|l 10
|m 104
|o 530 WAL
|p 3010034291
|r 2026-05-17
|s 2026-05-04
|t 17
|v 6480.00
|w 2019-02-18
|y BK
|
| 952 |
|
|
|0 0
|1 0
|2 ddc
|4 0
|6 530_000000000000000_WAL
|7 0
|9 65066
|a BRACUL
|b BRACUL
|c GEN
|d 2019-02-18
|e Karim International
|g 6480.00
|l 23
|m 171
|o 530 WAL
|p 3010034299
|r 2026-05-20
|s 2026-05-14
|t 12
|v 6480.00
|w 2019-02-18
|y BK
|
| 952 |
|
|
|0 0
|1 0
|2 ddc
|4 0
|6 530_000000000000000_WAL
|7 0
|9 65253
|a BRACUL
|b BRACUL
|c GEN
|d 2019-03-18
|e Karim International
|g 6480.00
|l 23
|m 194
|o 530 WAL
|p 3010034563
|r 2026-05-20
|s 2026-01-12
|t 32
|v 6480.00
|w 2019-03-18
|y BK
|
| 952 |
|
|
|0 0
|1 0
|2 ddc
|4 0
|6 530_000000000000000_WAL
|7 0
|9 65254
|a BRACUL
|b BRACUL
|c GEN
|d 2019-03-18
|e Karim International
|g 6480.00
|l 9
|m 157
|o 530 WAL
|p 3010034564
|q 2024-10-02
|r 2024-01-27
|s 2024-01-27
|t 33
|v 6480.00
|w 2019-03-18
|y BK
|
| 952 |
|
|
|0 0
|1 0
|2 ddc
|4 0
|6 530_000000000000000_WAL
|7 0
|9 65255
|a BRACUL
|b BRACUL
|c GEN
|d 2019-03-18
|e Karim International
|g 6480.00
|l 21
|m 189
|o 530 WAL
|p 3010034557
|q 2026-06-02
|r 2026-05-03
|s 2026-05-03
|t 26
|v 6480.00
|w 2019-03-18
|y BK
|
| 952 |
|
|
|0 0
|1 0
|2 ddc
|4 0
|6 530_000000000000000_WAL
|7 0
|9 65256
|a BRACUL
|b BRACUL
|c GEN
|d 2019-03-18
|e Karim International
|g 6480.00
|l 1
|m 30
|o 530 WAL
|p 3010034555
|q 2025-02-06
|r 2019-05-26
|s 2019-05-26
|t 24
|v 6480.00
|w 2019-03-18
|y BK
|
| 952 |
|
|
|0 0
|1 0
|2 ddc
|4 0
|6 530_000000000000000_WAL
|7 0
|9 65257
|a BRACUL
|b BRACUL
|c GEN
|d 2019-03-18
|e Karim International
|g 6480.00
|l 26
|m 194
|o 530 WAL
|p 3010034573
|r 2026-05-19
|s 2026-04-18
|t 42
|v 6480.00
|w 2019-03-18
|y BK
|
| 952 |
|
|
|0 0
|1 0
|2 ddc
|4 0
|6 530_000000000000000_WAL
|7 0
|9 65258
|a BRACUL
|b BRACUL
|c GEN
|d 2019-03-18
|e Karim International
|g 6480.00
|l 24
|m 186
|o 530 WAL
|p 3010034562
|r 2026-05-17
|s 2026-05-03
|t 31
|v 6480.00
|w 2019-03-18
|y BK
|
| 952 |
|
|
|0 0
|1 0
|2 ddc
|4 0
|6 530_000000000000000_WAL
|7 0
|9 65259
|a BRACUL
|b BRACUL
|c GEN
|d 2019-03-18
|e Karim International
|g 6480.00
|l 33
|m 155
|o 530 WAL
|p 3010034556
|r 2026-05-17
|s 2026-04-30
|t 25
|v 6480.00
|w 2019-03-18
|y BK
|
| 952 |
|
|
|0 0
|1 0
|2 ddc
|4 0
|6 530_000000000000000_WAL
|7 0
|9 65260
|a BRACUL
|b BRACUL
|c GEN
|d 2019-03-18
|e Karim International
|g 6480.00
|l 24
|m 191
|o 530 WAL
|p 3010034567
|q 2026-05-18
|r 2026-03-02
|s 2026-03-02
|t 36
|v 6480.00
|w 2019-03-18
|y BK
|
| 952 |
|
|
|0 0
|1 0
|2 ddc
|4 0
|6 530_000000000000000_WAL
|7 0
|9 65261
|a BRACUL
|b BRACUL
|c GEN
|d 2019-03-18
|e Karim International
|g 6480.00
|l 18
|m 149
|o 530 WAL
|p 3010034572
|r 2024-12-29
|s 2024-12-19
|t 41
|v 6480.00
|w 2019-03-18
|y BK
|
| 952 |
|
|
|0 0
|1 0
|2 ddc
|4 0
|6 530_000000000000000_WAL
|7 0
|9 65262
|a BRACUL
|b BRACUL
|c GEN
|d 2019-03-18
|e Karim International
|g 6480.00
|l 13
|m 91
|o 530 WAL
|p 3010034550
|q 2026-07-28
|r 2023-10-01
|s 2023-10-01
|t 19
|v 6480.00
|w 2019-03-18
|y BK
|
| 952 |
|
|
|0 0
|1 0
|2 ddc
|4 0
|6 530_000000000000000_WAL
|7 0
|9 65263
|a BRACUL
|b BRACUL
|c GEN
|d 2019-03-18
|e Karim International
|g 6480.00
|l 17
|m 121
|o 530 WAL
|p 3010034569
|q 2025-10-08
|r 2024-06-09
|s 2024-06-09
|t 38
|v 6480.00
|w 2019-03-18
|y BK
|
| 952 |
|
|
|0 0
|1 0
|2 ddc
|4 0
|6 530_000000000000000_WAL
|7 0
|9 65264
|a BRACUL
|b BRACUL
|c GEN
|d 2019-03-18
|e Karim International
|g 6480.00
|l 13
|m 159
|o 530 WAL
|p 3010034560
|q 2026-04-12
|r 2025-07-03
|s 2025-07-03
|t 29
|v 6480.00
|w 2019-03-18
|y BK
|
| 952 |
|
|
|0 0
|1 0
|2 ddc
|4 0
|6 530_000000000000000_WAL
|7 0
|9 65265
|a BRACUL
|b BRACUL
|c GEN
|d 2019-03-18
|e Karim International
|g 6480.00
|l 31
|m 195
|o 530 WAL
|p 3010034565
|r 2026-05-17
|s 2026-05-16
|t 34
|v 6480.00
|w 2019-03-18
|y BK
|
| 952 |
|
|
|0 0
|1 0
|2 ddc
|4 0
|6 530_000000000000000_WAL
|7 0
|9 65266
|a BRACUL
|b BRACUL
|c GEN
|d 2019-03-18
|e Karim International
|g 6480.00
|l 21
|m 182
|o 530 WAL
|p 3010034571
|r 2026-05-20
|s 2026-05-06
|t 40
|v 6480.00
|w 2019-03-18
|y BK
|
| 952 |
|
|
|0 0
|1 0
|2 ddc
|4 1
|6 530_000000000000000_WAL
|7 0
|9 65267
|a BRACUL
|b BRACUL
|d 2019-03-18
|e Karim International
|g 6480.00
|l 29
|m 158
|o 530 WAL
|p 3010034549
|r 2025-11-09
|s 2025-11-01
|t 18
|v 6480.00
|w 2019-03-18
|y BK
|x Water damage ; Permanently damaged and unrepairable.
|
| 952 |
|
|
|0 0
|1 0
|2 ddc
|4 0
|6 530_000000000000000_WAL
|7 0
|9 65268
|a BRACUL
|b BRACUL
|c GEN
|d 2019-03-18
|e Karim International
|g 6480.00
|l 30
|m 190
|o 530 WAL
|p 3010034559
|r 2026-05-17
|s 2026-04-26
|t 28
|v 6480.00
|w 2019-03-18
|y BK
|
| 952 |
|
|
|0 0
|1 0
|2 ddc
|4 0
|6 530_000000000000000_WAL
|7 0
|9 65269
|a BRACUL
|b BRACUL
|c GEN
|d 2019-03-18
|e Karim International
|g 6480.00
|l 23
|m 200
|o 530 WAL
|p 3010034561
|r 2026-01-27
|s 2025-11-01
|t 30
|v 6480.00
|w 2019-03-18
|y BK
|
| 952 |
|
|
|0 0
|1 0
|2 ddc
|4 0
|6 530_000000000000000_WAL
|7 0
|9 65270
|a BRACUL
|b BRACUL
|c GEN
|d 2019-03-18
|e Karim International
|g 6480.00
|l 19
|m 147
|o 530 WAL
|p 3010034551
|r 2025-11-09
|s 2025-10-13
|t 20
|v 6480.00
|w 2019-03-18
|y BK
|
| 952 |
|
|
|0 0
|1 0
|2 ddc
|4 0
|6 530_000000000000000_WAL
|7 0
|9 65271
|a BRACUL
|b BRACUL
|c GEN
|d 2019-03-18
|e Karim International
|g 6480.00
|l 21
|m 224
|o 530 WAL
|p 3010034553
|r 2026-04-06
|s 2025-11-09
|t 22
|v 6480.00
|w 2019-03-18
|y BK
|
| 952 |
|
|
|0 0
|1 0
|2 ddc
|4 0
|6 530_000000000000000_WAL
|7 0
|9 65272
|a BRACUL
|b BRACUL
|d 2019-03-18
|e Karim International
|g 6480.00
|l 12
|m 111
|o 530 WAL
|p 3010034554
|r 2026-05-20
|s 2026-01-19
|t 23
|v 6480.00
|w 2019-03-18
|y BK
|
| 952 |
|
|
|0 0
|1 0
|2 ddc
|4 0
|6 530_000000000000000_WAL
|7 0
|9 65273
|a BRACUL
|b BRACUL
|c GEN
|d 2019-03-18
|e Karim International
|g 6480.00
|l 12
|m 159
|o 530 WAL
|p 3010034566
|q 2026-06-02
|r 2025-10-12
|s 2025-10-12
|t 35
|v 6480.00
|w 2019-03-18
|y BK
|
| 952 |
|
|
|0 0
|1 0
|2 ddc
|4 0
|6 530_000000000000000_WAL
|7 0
|9 65274
|a BRACUL
|b BRACUL
|c GEN
|d 2019-03-18
|e Karim International
|g 6480.00
|l 19
|m 126
|o 530 WAL
|p 3010034552
|r 2026-05-21
|s 2026-05-04
|t 21
|v 6480.00
|w 2019-03-18
|y BK
|
| 952 |
|
|
|0 0
|1 0
|2 ddc
|4 0
|6 530_000000000000000_WAL
|7 0
|9 65275
|a BRACUL
|b BRACUL
|c GEN
|d 2019-03-18
|e Karim International
|g 6480.00
|l 5
|m 45
|o 530 WAL
|p 3010034568
|q 2023-04-13
|r 2022-03-10
|s 2022-03-10
|t 37
|v 6480.00
|w 2019-03-18
|y BK
|
| 952 |
|
|
|0 0
|1 0
|2 ddc
|4 0
|6 530_000000000000000_WAL
|7 0
|9 65276
|a BRACUL
|b BRACUL
|c GEN
|d 2019-03-18
|e Karim International
|g 6480.00
|l 28
|m 162
|o 530 WAL
|p 3010034570
|r 2026-05-17
|s 2026-05-16
|t 39
|v 6480.00
|w 2019-03-18
|y BK
|
| 952 |
|
|
|0 0
|1 0
|2 ddc
|4 0
|6 530_000000000000000_WAL
|7 0
|9 65277
|a BRACUL
|b BRACUL
|c GEN
|d 2019-03-18
|e Karim International
|g 6480.00
|l 20
|m 222
|o 530 WAL
|p 3010034558
|r 2026-05-20
|s 2026-02-03
|t 27
|v 6480.00
|w 2019-03-18
|y BK
|
| 952 |
|
|
|0 0
|1 0
|2 ddc
|4 0
|6 530_000000000000000_WAL
|7 0
|9 69516
|a BRACUL
|b BRACUL
|c GEN
|d 2021-11-22
|e Trim Education
|l 16
|m 146
|o 530 WAL
|p 3010037581
|r 2026-03-05
|s 2026-02-26
|t 43
|w 2021-11-22
|y BK
|
| 952 |
|
|
|0 0
|1 0
|2 ddc
|4 0
|6 530_000000000000000_WAL
|7 0
|9 69517
|a BRACUL
|b BRACUL
|c GEN
|d 2021-11-22
|e Trim Education
|l 18
|m 148
|o 530 WAL
|p 3010037582
|q 2026-06-02
|r 2025-10-19
|s 2025-10-19
|t 44
|w 2021-11-22
|y BK
|
| 952 |
|
|
|0 0
|1 0
|2 ddc
|4 0
|6 530_000000000000000_WAL
|7 0
|9 69518
|a BRACUL
|b BRACUL
|c GEN
|d 2021-11-22
|e Trim Education
|l 18
|m 125
|o 530 WAL
|p 3010037583
|q 2025-10-08
|r 2025-07-20
|s 2025-07-20
|t 45
|w 2021-11-22
|y BK
|